00952 2200349 4500001002100000005001500021035002000036007000300056040001700059100002500076245004000101250001000141300003500151020002200186041000800208082001100216084001700227090002200244264003500266336002100301337003000322338002300352650002300375850001000398008004100408504002600449260004300475990002100518990002100539990002100560990002100581INLIS00000000000944620260420100635 a0010-1222000051ta aSBPUPADbind0 aSudirman:ePengarang1 aTeknik Penangkapan Ikan /cSudirman aCet.2 av 211 hlm. :bilus. ;c15,5 cm a978-979-098-039-607aind a639.22 a639.22 SUD t a631.1 WHO b 14-1 aJakarta :bRineka Cipta,c2012 2rdacontentateks 2rdamediaatanpa perantara 2rdacarrieravolume 4aTeknologi terampil aPUPAD260420 0  abibiliografi, hlm 190 aJakarta :bSunda Kelapa Pustaka,c2007 a22066/BR/KAPD/15 a22065/BR/KAPD/15 a22064/BR/KAPD/15 a22063/BR/KAPD/15